00340nam a2200133Ia 4500008004100000041000800041082001600049100001600065245004500081250001400126260003000140300003100170365000500201240624s9999 xx 000 0 und d aeng a658.421 BOL aBOLTON BILL aENTREPRENEURS TALENT TEMPERAMENT AND TEC a(2nd ed.) c2004aAmsterdambElsevier axiv, : 415 : p. : cm. ; 23 c